Information Technology for Management. (Record no. 349699)

000 -LEADER
fixed length control field 00443nam a22001697a 4500
003 - CONTROL NUMBER IDENTIFIER
control field OSt
005 - DATE AND TIME OF LATEST TRANSACTION
control field 20180116182957.0
008 - FIXED-LENGTH DATA ELEMENTS--GENERAL INFORMATION
fixed length control field 140530b xxu||||| |||| 00| 0 eng d
040 ## - CATALOGING SOURCE
Transcribing agency 0
082 ## - DEWEY DECIMAL CLASSIFICATION NUMBER
Classification number 658.4038011
100 ## - MAIN ENTRY--PERSONAL NAME
Relator code Tusban,Efraim
Personal name Tusban,Efraim.
245 ## - TITLE STATEMENT
Title Information Technology for Management.
Statement of responsibility, etc. Efraim Tusban
260 ## - PUBLICATION, DISTRIBUTION, ETC.
Place of publication, distribution, etc. New York
Name of publisher, distributor, etc. person
Date of publication, distribution, etc. 2008
300 ## - PHYSICAL DESCRIPTION
Extent 740p.
500 ## - GENERAL NOTE
General note paper cover
942 ## - ADDED ENTRY ELEMENTS (KOHA)
Source of classification or shelving scheme
Koha item type Book
Call number prefix 658.4038011
Holdings
Withdrawn status Lost status Source of classification or shelving scheme Damaged status Not for loan Collection code Permanent Location Current Location Shelving location Date acquired Total Checkouts Full call number Barcode Checked out Date last seen Date last checked out Price effective from Koha item type
            Central Library (CL) Central Library (CL) General Stacks 05/30/2014 2 658.4038011 TUS NBS5958 11/03/2018 10/04/2018 10/04/2018 05/30/2014 Book
© 2023 Central Library, National University of Sciences and Technology. All Rights Reserved.